| 000 | 01527cam a2200277 4500 | ||
|---|---|---|---|
| 001 | ##L133721 | ||
| 008 | 060605n2006 000 0 eng u | ||
| 035 | _a(Sirsi) u133721 | ||
| 041 | 0 | _aeng | |
| 050 | 0 | 4 | _a711.1 $2 18 |
| 110 | 1 |
_aUnited Kingdom _bDepartment for Communities and Local Government _94939 |
|
| 245 | 0 | 0 |
_aValuing planning obligations in England _bfinal report |
| 260 |
_aLondon _bDCLG _c2006 |
||
| 520 | _aProvides new research on planning obligations, estimating the number of applications attracting planning obligations and the overall value of the contribution through planning obligations. The study consists of a survey of all English local authorities providing data on nearly 4 000 planning obligations and case study work in 42 local authorities providing more detailed information on 622 planning obligations. | ||
| 520 | _aUpdated by Valuing Planning Obligations in England: update study for 2005-06 (L144744). | ||
| 590 | _aIKA060606 NTK | ||
| 650 | 2 | 4 | _aTOWN AND COUNTRY PLANNING ACT 1990 S106 |
| 650 | 2 | 4 | _aTOWN AND COUNTRY PLANNING ACT 1990 S299 |
| 650 | 2 | 4 | _aPLANNING AND COMPENSATION ACT 1991 |
| 651 | 4 |
_aEngland _y886- |
|
| 690 | _aENVIRONMENTAL AND LAND CONSULTANCY-PLANNING AND DEVELOPMENT-DEVELOPMENT CONTROL | ||
| 710 | 2 |
_aHalcrow Group _94937 |
|
| 710 | 2 |
_aUniversity of Sheffield _bDepartment of Town and Regional Planning _94938 |
|
| 856 | 4 | 0 |
_uhttps://www.communities.gov.uk/index.asp?id=1500142 _zView the report free of charge at www.communities.gov.uk... |
| 942 | _n0 | ||
| 999 |
_c105460 _d105460 |
||